000 00798am a2200289a 44500
003 AR-BaBNM
005 20251128211223.0
008 013020s2001 #AR|||||||||||000 | spa||
020 _a987-545-044-8
040 _cAR-BaBNM
100 1 _aEgo Ducrot, Víctor
245 1 0 _aBush & ben Laden S.A.
_bla primera guerra global de las corporaciones financieras
260 _aBuenos Aires
_bGrupo Editorial Norma
_c2001
300 _a157 p.
490 0 _aBiografías y documentos
650 4 _aPOLITICA INTERNACIONAL
650 4 _aHISTORIA
650 4 _aIMPERIALISMO
650 4 _aORGANIZACIONES INTERNACIONALES
650 4 _aTERRORISMO
650 4 _aSIGLO VEINTE
651 4 _aMedio Oriente
651 4 _aEstados Unidos
653 _aGLOBALIZACION
942 _cBK
998 _cMariana
999 _c18782
_d18782